| 000 | 01416cam a2200313 4500 | ||
|---|---|---|---|
| 001 | ABS64927 | ||
| 008 | 020114n2001 000 0 eng u | ||
| 035 | _a(Sirsi) u116275 | ||
| 100 | _aHowarth, A | ||
| 245 | _aAll mouth and trousers | ||
| 260 | _c2001 | ||
| 490 |
_aEstates Gazette _v(0150) 15 December 2001, 65(1) |
||
| 520 | _aLooks at government initiatives tackling property issues in 2002 and the expectations of the property industry. The Commonhold and Leasehold Reform Bill should be enacted in 2002 and the Land Registration Bill should go before parliament in 2002. The planning green paper will also take centre stage in 2002 along with reform of compulsory purchase and compensation. The property industry is also pushing government to tackle public-sector funding of regeneration, and resolve the muddle of UK regeneration initiatives and the weaknesses in the EU funding system. Lists key property legislation and consultations planned for 2002. | ||
| 590 | _aABS | ||
| 650 | _aCONSULTATION | ||
| 650 | _aHOUSEBUYING | ||
| 650 | _aLOCAL GOVERNMENT | ||
| 650 | _aCOMMONHOLD AND LEASEHOLD REFORM BILL | ||
| 650 | _aLAND REGISTRATION BILL | ||
| 650 | _aPROPERTY INDUSTRY | ||
| 650 | _aPLANNING SYSTEM | ||
| 650 | _aREFORM | ||
| 650 |
_aCompulsory purchase _96228 |
||
| 650 | _aCOMPENSATION | ||
| 650 | _aREGENERATION | ||
| 650 | _aFUNDING | ||
| 690 | _aLAW | ||
| 942 | _n0 | ||
| 999 |
_c69263 _d69263 |
||